000 01327cam a22003011 4500
001 25092
003 BD-RjUL
005 20211209050829.0
008 140316s1908 nyucj 000 0 eng d
035 _a(BD-RjUL)25161
035 _a(OCoLC)1463434
040 _aDLC
_cOCU
_dOCoLC
_dDLC
_dBD-RjUL
_beng
041 _aeng
082 0 0 _a942.08
_bVIL V-2 1908
100 0 _aVictoria,
_d1819-1901.
_977211
245 1 4 _aThe letters of Queen Victoria :
_ba selection from Her Majesty's correspondence between the years 1837 and 1861, published by authority of His Majesty the king /
_ced. by Arthur Christopher Benson, M.A. and Viscount Esher ...
_nVol II :
_p1844-1853
260 _aLondon :
_bJohn Murray,
_c1908.
300 _avii,472p. :
_b40 port. (incl. fronts.) 4 fold. geneal. tab. ;
_c19cm.
505 0 _aI. 1837-1843.--II. 1844-1853.--III. 1854-1861.
651 0 _aGreat Britain
_xHistory
_yVictoria, 1837-1901
_xSources.
_977212
651 0 _aGreat Britain
_xPolitics and government
_y1837-1901.
_910732
651 0 _aEurope
_xPolitics and government
_y1848-1871.
_976074
700 1 _aBenson, Arthur Christopher,
_d1862-1925,
_eed.
_955717
700 1 _aEsher, Reginald Baliol Brett,
_cViscount,
_d1852-1930.
_977213
942 _2ddc
_cBK
999 _c25092
_d25092